000 01035naa a2200289 c 4500
001 41754
003 ES-MaCES
005 20110519134200.0
008 110519n2011 xxud t 000 | eng d
035 _aCES20110006466v
040 _aES-MaCES
_bspa
_cES-MaCES
100 1 _aHeisig, Jan Paul
_914582
245 1 0 _aWho does more housework
_b: rich or poor? a comparison of 33 countries
_cJan Paul Heisig
500 _aResumen
650 4 _anuevo orden económico internacional
_929223
650 4 _amodelo econométrico
_929368
650 4 _acomparación
_928892
650 4 _adesigualdad económica
_929371
650 4 _adivisión del trabajo por sexo
_930439
650 4 _atrabajo no remunerado
_929526
650 4 _aama de casa
_929260
653 1 0 _aEstadísticas económico-sociales
773 0 _tAmerican sociological review
_gvol. 76, no. 1 (Feb. 2011){10706 R. 078719}; p. 74-99
_w(ES-MaCES)25707
_969376
902 _aART Artículo de revista
942 _2CES
_cAR
_h8.2.
999 _c41754
_d41754